| 000 | nam a22 4500 | ||
|---|---|---|---|
| 999 |
_c9057 _d9057 |
||
| 008 | 180410b ||||| |||| 00| 0 eng d | ||
| 100 |
_927191 _aOcampo, Yas D. |
||
| 245 |
_aNo concerts, street parties in city center during Kadayawan/ _cYas D. Ocampo |
||
| 260 |
_aPhilippines _bManila Bulletin _cc2016 |
||
| 300 | _apage 19. | ||
| 650 | 0 |
_927192 _aFestivals. |
|
| 942 |
_2ddc _cPER |
||